000 00414nam a22001697a 4500
005 20260306133503.0
020 _a9789348196927
041 _aEnglish
082 _a343.04 R25 TUR
100 _aTurner Billy
245 _aChallenges in Domestic and International Taxation: Emerging Experience
250 _a01
260 _aNew Delhi
_bVenus Books
_c2025
300 _a312
365 _b2900.00
942 _cBK
999 _c176882
_d176882